000 00292nam a22001337a 4500
008 170904b xxu||||| |||| 00| 0 eng d
020 _a2900805210933
041 _aeng
080 _a070
100 _a40
101 _aMED
245 _aSHOPING FOR INDETITU
_cHALTER.M
942 _2udc
_cBK
999 _c26061
_d26061